Tous les clubs écossais ayant participés à la Ligue des Champions - Statistiques

Statistiques générales
  • Ce quiz a été pris 42 fois
  • Le résultat moyen est 5 sur 8
Statistiques - réponses
1ère participation Dernière participation Nombres de participations Clubs % Correct
1966-67 2026-27 28 Celtic
100%
1956-57 2022-23 26 Rangers
97%
1980-81 1985-86 3 Aberdeen
82%
1957-58 1960-61 2 Heart of Midlothian
58%
1962-63 1962-63 1 Dundee
47%
1983-84 1983-84 1 Dundee United
47%
1965-66 1965-66 1 Kilmarnock
37%
1955-56 1955-56 1 Hibernian
32%
Aucun quiz correspondant
Distribution des résultats
% des personnes avec chaque résultat
Percentile par nombre de réponses
Votre historique - résultats
Vous n’avez pas pris ce quiz